000
00246nam a2200097Ia 4500
001
679677
005
20250826161100.0
008
250824s9999 xx 000 0 und d
245
0
_a
BULUT DELİSİ
_c
LEYLA RUHAN OKYAY
260
_b
GÜNIŞIĞI YAYINLARI
999
_c
679677
_d
679677